Private sector consumption behavior and non-Keynesian effects of fiscal policy

Saved in:
Bibliographic Details
Main Author: Bhattacharya, Rina
Format: Book
Language:English
Published: Washington International Monetary Fund 1999
Series:IMF Working Paper WP/99/112
Subjects:
Tags: Add Tag
No Tags, Be the first to tag this record!

MARC

LEADER 00000nam a2200000 4500
001 c123725
005 20221221083316.3
041 0 |a eng 
044 |a US 
245 1 0 |a Private sector consumption behavior and non-Keynesian effects of fiscal policy  |c Rina Bhattacharya 
264 1 |a Washington  |b International Monetary Fund  |c 1999 
300 |a 27 s. 
490 1 |a IMF Working Paper  |v WP/99/112 
830 0 |a IMF Working Paper  |v WP/99/112 
610 2 0 |a politika fiškálna 
610 2 0 |a dlhy štátne 
610 2 0 |a sektor súkromný 
610 2 0 |a správanie 
610 2 0 |a spotreba 
100 1 |a Bhattacharya, Rina